Mosty na diaľnici Praha - Brno - Bratislava (II. časť)

Bibliographic Details
Main Author: Gschwendt, Ivan, 1934- (Author)
Format: Article
Language:Slovak
PhysicalDescription:Fotogr., sch.
ISSN:1335-0846
Subjects:

MARC

LEADER 00000nab a2200000 a 4500
001 vtls010040212
003 SK-MaSNL
005 20260305000332.0
008 250507c2009 xo |||||||||||000 b|slo
015 |a SNBRB2010/01  |2 snkbucl 
035 |a (uuid)2017ef61-516f-4d65-add9-d0d0818f70a0 
035 |a urn:nbn:sk:snk-abf5lc 
035 |a (urnnbn)urn:nbn:sk:snk:ar-007i0j 
038 |a SNKBUCL 
040 |a SNKBUCL  |b slo  |c SNKBUCL  |e AACR2 
041 0 |a slo  |b eng 
044 |a xo  |c SK 
080 |a 624.21:625.745.12  |x (437.3)  |x (437.6)  |2 2001 
080 |a 625.711.3  |2 2001 
080 |a 625.745.12  |2 2001 
100 1 |a Gschwendt, Ivan,  |d 1934-  |4 aut  |9 111966 
245 1 0 |a Mosty na diaľnici Praha - Brno - Bratislava  |n (II. časť)  |c Ivan Gschwendt 
246 3 1 |a Bridges on the motorway Prague - Brno - Bratislava (2nd part) 
300 |b Fotogr., sch. 
546 |a Res. angl. 
650 0 7 |a diaľničné mosty  |2 snkbucl  |9 70138 
650 0 7 |a cestné stavby  |2 snkbucl  |9 63766 
651 7 |a Praha - Brno - Bratislava (Česko a Slovensko : diaľnica)  |2 snkbucl  |9 1491787 
773 0 |t Inžinierske stavby = Inženýrské stavby  |g Roč. 57, č. 6 (2009), s. 46-47  |x 1335-0846 
850 |a Slovenská národná knižnica 
852 |a Slovenská národná knižnica 
954 |a odborná, vedecká literatúra pôvodná (slovenská)  |2 lita 
958 |a article2022 
958 |a SK 
958 |a CZ 
958 |a OND 
958 |a EUIPO 
999 |c 3213194  |d 3215124